000 00818nam a2200253Ia 4500
003 GCL
008 140319s9999 xx 000 0 ara d
040 _aGCL /
_cGCL
082 0 4 _a540
_bس ك
100 1 _aالسيد على حسن
245 1 0 _aالكيمياء /
_cالسيد على حسن
700 1 _aسينكو، ميشيل ج
700 1 _aبلان، روبرت
700 1 _aاحمد محمود عزام
260 _aالقاهرة :
_bالدار الدولية للنشر والتوزيع ،
_c1992
300 _a633:
_bايض ؛
_c24 سم
490 _a
650 0 4 _aالكيمياء
650 0 4 _aالذرات
650 0 4 _aالكيمياء الفيزيائية
650 0 4 _aالكيماويات الزراعية
650 0 4 _aالديناميكا الكيميائية
942 _2ddc
_cBK
999 _c30733
_d30733